000
00309nam a2200121Ia 4500
005
20251222144854.0
008
251222s9999||||xx |||||||||||||| ||spa||
082
_a
370.1/A69
100
_a
Arévalo Gálvez, Luis
245
0
_a
Teoría de la Educación
264
_b
Universidad Nacional de Piura
942
_c
LIB
999
_c
21727
_d
21727